[Event "Bratislava U16 op 43rd"]
[Site "Bratislava"]
[Date "2016.08.21"]
[Round "6"]
[White "Zetocha, Adela"]
[Black "Carnecky, Viliam"]
[Result "1-0"]
[WhiteElo "1180"]
[BlackElo "1004"]
[PlyCount "137"]
[EventDate "2016.08.19"]
[EventType "swiss"]
[EventRounds "7"]
[EventCountry "SVK"]
[SourceTitle "CBM 174 Extra"]
[Source "ChessBase"]
[SourceDate "2016.10.10"]
[SourceVersion "1"]
[SourceVersionDate "2016.10.10"]
[SourceQuality "1"]

1. e4 e5 2. Nf3 Nf6 3. Nxe5 Nxe4 4. Qe2 d5 5. Nc3 Nxc3 6. dxc3 Qe7 7. Nf3 Qxe2+ 8. Bxe2 Be7 9. 0-0 0-0 10. Re1 Nc6 11. c4 dxc4 12. Bxc4 Bb4 13. c3 Bc5 14. Be3 Bxe3 15. Rxe3 a5 16. Rd1 a4 17. a3 b6 18. Nd4 Nxd4 19. Rxd4 h6 20. Rde4 Bb7 21. Re7 Rac8 22. Bb5 Kh7 23. Bxa4 Bd5 24. Bc2+ Kg8 25. Rd3 Rce8 26. Rxe8 Rxe8 27. h3 c6 28. b3 Re2 29. Bd1 Ra2 30. a4 Ra3 31. c4 Be6 32. Rd8+ Kh7 33. Bc2+ g6 34. Rd6 Ra2 35. Bd3 Ra3 36. Bc2 Ra2 37. Bd1 Ra1 38. g3 Bxh3 39. Kh2 Bf5 40. g4 Be4 41. f3 Bb1 42. Rxc6 Ba2 43. Bc2 Rc1 44. Bd3 Bxb3 45. Rxb6 Rc3 46. Bf1 Bxa4 47. Rb4 Be8 48. Kg3 Bc6 49. Bg2 Bd7 50. Rb7 Be6 51. Bf1 Bc8 52. Rxf7+ Kg8 53. Rc7 Be6 54. c5 Bd5 55. Bg2 Kf8 56. Rh7 Rxc5 57. Rxh6 Kg7 58. Rh1 Rc3 59. Rd1 Kf6 60. Rxd5 Ke6 61. Ra5 Kd6 62. Ra6+ Kc7 63. Rxg6 Rc4 64. Bf1 Rc5 65. f4 Rc3+ 66. Kh4 Rc4 67. Bxc4 Kd7 68. Kg5 Ke7 69. Kf5 1-0

[Event "SVK-ch U08"]
[Site "Liptovsky Mikulas"]
[Date "2016.04.21"]
[Round "7"]
[White "Carnecky, Viliam"]
[Black "Kozel, David"]
[Result "0-1"]
[WhiteElo "1158"]
[BlackElo "1000"]
[PlyCount "80"]
[EventDate "2016.04.16"]
[EventType "swiss"]
[EventRounds "9"]
[EventCountry "SVK"]
[SourceTitle "CBM 172 Extra"]
[Source "ChessBase"]
[SourceDate "2016.06.21"]
[SourceVersion "1"]
[SourceVersionDate "2016.06.21"]
[SourceQuality "1"]

1. e4 e5 2. Nf3 Nf6 3. Nc3 Bc5 4. Nxe5 Qe7 5. d4 Bb4 6. a3 Ba5 7. b4 Bb6 8. Nb5 d6 9. Nc4 Qxe4+ 10. Ne3 Bg4 11. f3 Qc6 12. fxg4 a6 13. d5 Qd7 14. Nc3 Qe7 15. Qe2 0-0 16. Bd2 Re8 17. Ncd1 Qe5 18. c3 Nbd7 19. h4 Re7 20. g5 Rae8 21. Rh3 c6 22. gxf6 Nxf6 23. dxc6 bxc6 24. a4 a5 25. bxa5 Bxa5 26. Qa6 Ng4 27. Ra3 Nh2 28. Qc4 d5 29. Qg4 Nxg4 30. Be2 Nh2 31. Kf2 Bb6 32. Rb3 Bxe3+ 33. Bxe3 Qf5+ 34. Kg1 Ng4 35. Bf1 Nxe3 36. Nxe3 Rxe3 37. g3 Re1 38. Kh2 Qc2+ 39. Bg2 Qf2 40. h5 Qg1# 0-1

[Event "SVK-ch U08"]
[Site "Liptovsky Mikulas"]
[Date "2016.04.20"]
[Round "6"]
[White "Carnecky, Viliam"]
[Black "Kusy, Adam"]
[Result "0-1"]
[WhiteElo "1158"]
[BlackElo "1069"]
[PlyCount "54"]
[EventDate "2016.04.16"]
[EventType "swiss"]
[EventRounds "9"]
[EventCountry "SVK"]
[SourceTitle "CBM 172 Extra"]
[Source "ChessBase"]
[SourceDate "2016.06.21"]
[SourceVersion "1"]
[SourceVersionDate "2016.06.21"]
[SourceQuality "1"]

1. e4 c5 2. Bc4 d6 3. Nc3 Nc6 4. Qf3 Nf6 5. Nd5 Nd4 6. Nxf6+ exf6 7. Qh5 Nxc2+ 8. Kf1 g6 9. Qd5 Be6 10. Bb5+ Ke7 11. Qxb7+ Bd7 12. Rb1 Rb8 13. Qxa7 Rxb5 14. Qa4 Rb4 15. Qxc2 Ba4 16. Qd3 Bb5 17. Qxb5 Rxb5 18. Nf3 Qa5 19. g3 Qxa2 20. Kg2 Qxb1 21. d3 Qxd3 22. Nd2 g5 23. Nf3 g4 24. Nd2 Bh6 25. f4 gxf3+ 26. Kf2 Qe2+ 27. Kg1 Qg2# 0-1

[Event "SVK-ch U08"]
[Site "Tatralandia"]
[Date "2015.04.24"]
[Round "8"]
[White "Motyciak, Tomas"]
[Black "Carnecky, Viliam"]
[Result "1-0"]
[WhiteElo "1000"]
[BlackElo "1000"]
[PlyCount "64"]
[EventDate "2015.04.18"]
[EventType "tourn"]
[EventRounds "9"]
[EventCountry "SVK"]
[SourceTitle "CBM 166 Extra"]
[Source "ChessBase"]
[SourceDate "2015.06.18"]
[SourceVersion "1"]
[SourceVersionDate "2015.06.18"]
[SourceQuality "1"]

1. e4 e5 2. Nf3 Nc6 3. Bc4 Nf6 4. Nc3 Bc5 5. Nxe5 Nxe5 6. d4 Bxd4 7. Qxd4 d6 8. Bg5 0-0 9. Nd5 c5 10. Qe3 Qa5+ 11. c3 Neg4 12. Qg3 Be6 13. Nxf6+ Nxf6 14. Bxe6 fxe6 15. Bh6 Nh5 16. Qg5 Rf7 17. Qxh5 Qb5 18. Bc1 g6 19. Qg4 e5 20. Qe6 Re8 21. Qxd6 Rd7 22. Qf6 Rf8 23. Qe6+ Kh8 24. Qxe5+ Kg8 25. Qg3 a6 26. b3 Qc6 27. f3 Qd6 28. Qxd6 Rxd6 29. Bg5 b5 30. Be7 Rfd8 31. Bxd8 Rxd8 32. Rd1 Rxd1+ 1-0